000
00303nam a22001337a 4500
020
_a
0-14-032671-5
082
_a
823
_b
DAH/F
100
_a
ROALD DAHL
245
_a
FANTASTIC MR.FOX
260
_a
UNITED KINGDOM
_b
PUFFIN BOOKS
300
_a
90
650
_a
CHILDREN'S STORY BOOK
_z
UNITED KINGDOM
942
_c
BK
999
_c
42
_d
42